Kozliatka slovenská ľudová rozprávka

Bibliographic Details
Main Author: Rázusová-Martáková, Mária, 1905-1964 (Author)
Other Authors: Kellenberger, Ľubomír, 1921-1971 (Illustrator)
Format: Book
Language:Slovak
PhysicalDescription:23 strán farebné ilustrácie 24 cm
Published: Bratislava Mladé letá 1958
Edition:Vydanie tretie
Subjects:

MARC

LEADER 00000cam a2200000 a 4500
001 vtls008317495
003 SK-MaSNL
005 20260301182950.0
008 230403s1958 xo a ar 000 f slo
015 |a SNBA1958/05-00731 
020 |q (viazané) 
035 |a SK01SNK19580009712 
035 |a urn:nbn:sk:snk-am3hsft 
035 |a 0C7C248C-4F23-4CA2-8C89-76B9B04F5529 
035 |a urn:nbn:sk:snk-am00d7n5 
035 |a SKM000012175 
040 |a SNK  |b slo  |c SNK  |e AACR2 
041 0 |a slo 
044 |a xo  |c SK 
080 |a 821.162.4-34  |2 2011 
080 |a 82-93-053.4/.5  |2 2011 
080 |a 398.21  |2 2011 
100 1 |a Rázusová-Martáková, Mária,  |d 1905-1964  |4 aut  |9 17404 
245 1 0 |a Kozliatka  |b slovenská ľudová rozprávka  |c k obrázkom rozpráva Mária Rázusová-Martáková ; ilustroval Ľubomír Kellenberger 
250 |a Vydanie tretie 
260 |a Bratislava  |b Mladé letá  |c 1958  |e Martin  |f Severoslovenské tlačiarne 
300 |a 23 strán  |b farebné ilustrácie  |c 24 cm 
366 |e 20310 kusov 
650 0 7 |a ľudové rozprávky  |2 SNKPH  |9 73195 
655 7 |a slovenské rozprávky  |2 SNKPH  |9 70528 
655 7 |a literatúra pre deti  |2 SNKPH  |9 87135 
700 1 |a Kellenberger, Ľubomír,  |d 1921-1971  |4 ill  |9 114668 
852 |a Slovenská národná knižnica 
954 |a beletria pôvodná (slovenská)  |2 lita 
958 |a EUIPO 
958 |a OND 
958 |a TL 
958 |a LX 
958 |a DB 
958 |a RK 
999 |c 855368  |d 857298 
952 |a SNK  |b SNK  |y PREZ  |7 0  |p 17A0837574  |o snkSC 11592  |i snkKSP 1697/58  |0 0  |1 0  |4 0  |d 2012-08-23  |f 1  |l 0  |r 2025-07-11 00:00:00  |w 2026-02-24 
952 |t P60, <05>, [BOOK], {605}  |a SNK  |b SNK  |y PREZ  |7 0  |p 17A0335876  |o snkSC 11592 D1  |0 0  |1 0  |4 0  |d 2002-02-28  |l 0  |r 2005-01-02 00:00:00  |w 2026-02-24